| 000 -LEADER |
| fixed length control field |
00849nam a22002777a 4500 |
| 001 - CONTROL NUMBER |
| control field |
18516 |
| 003 - CONTROL NUMBER IDENTIFIER |
| control field |
BD-DhUAP |
| 005 - DATE AND TIME OF LATEST TRANSACTION |
| control field |
20200316144950.0 |
| 008 - FIXED-LENGTH DATA ELEMENTS--GENERAL INFORMATION |
| fixed length control field |
200316s20041998mau b 001 0 eng d |
| 020 ## - INTERNATIONAL STANDARD BOOK NUMBER |
| International Standard Book Number |
1405106956 |
| 020 ## - INTERNATIONAL STANDARD BOOK NUMBER |
| International Standard Book Number |
1405106964 |
| 040 ## - CATALOGING SOURCE |
| Original cataloging agency |
DLC |
| Transcribing agency |
DLC |
| Modifying agency |
BD-DhUAP |
| Language of cataloging |
Eng |
| 082 00 - DEWEY DECIMAL CLASSIFICATION NUMBER |
| Edition number |
23 |
| Classification number |
801 LIT |
| 245 00 - TITLE STATEMENT |
| Title |
Literary theory : |
| Remainder of title |
an anthology / |
| Statement of responsibility, etc. |
edited by Julie Rivkin and Michael Ryan. |
| 250 ## - EDITION STATEMENT |
| Edition statement |
2nd ed. |
| 260 ## - PUBLICATION, DISTRIBUTION, ETC. |
| Place of publication, distribution, etc. |
Malden, Mass. : |
| Name of publisher, distributor, etc. |
Blackwell, |
| Date of publication, distribution, etc. |
1998 [2004]. |
| 300 ## - PHYSICAL DESCRIPTION |
| Extent |
xxii, 1130 pages ; |
| Dimensions |
23 cm. |
| 504 ## - BIBLIOGRAPHY, ETC. NOTE |
| Bibliography, etc. note |
Includes bibliographical references and index. |
| 650 #0 - SUBJECT ADDED ENTRY--TOPICAL TERM |
| Topical term or geographic name entry element |
Literature |
| General subdivision |
Philosophy. |
| 650 #0 - SUBJECT ADDED ENTRY--TOPICAL TERM |
| Topical term or geographic name entry element |
Literature |
| General subdivision |
History and criticism |
| -- |
Theory, etc. |
| 700 1# - ADDED ENTRY--PERSONAL NAME |
| Personal name |
Rivkin, Julie. |
| 700 1# - ADDED ENTRY--PERSONAL NAME |
| Personal name |
Ryan, Michael. |
| 942 00 - ADDED ENTRY ELEMENTS (KOHA) |
| Koha issues (borrowed), all copies |
1 |
| Source of classification or shelving scheme |
|
| Koha item type |
Book |